00586nam a2200265Ia 4500008004100000040001200041082001700053082001500070100001700085245001800102260001100120260002700131260000900158300001200167300000600179300001400185530001700199563001000216600001700226630001800243650001200261650001200273700001700285730001800302160321s9999||||xx |||||||||||||| ||und|| cEnglish aVII.E/Dastur bBORI-95319 aR. H. Dastur 4aThe Sex Power aBombay bIBH Publishing Company c1983 axvi+361 cB ePaperback u00056233.pdf aStudy aR. H. Dastur aThe Sex Power aErotics aScience aR. H. Dastur aThe Sex Power